| 000 | 01102cam a2200313 a 4500 | ||
|---|---|---|---|
| 999 |
_c331013 _d331013 |
||
| 001 | 14718329 | ||
| 003 | NUST | ||
| 005 | 20180117090030.0 | ||
| 008 | 070131s2008 maua b 001 0 eng | ||
| 010 | _a 2007922077 | ||
| 020 | _a9780495015857 (pbk.) | ||
| 020 | _a0495015857 (pbk.) | ||
| 040 |
_aDLC _cDLC |
||
| 050 | 0 | 0 |
_aH61 _b.H682 2008 |
| 082 | _a300.72 | ||
| 100 | 1 |
_aHoover, Kenneth R., _d1940- _94373 |
|
| 245 | 1 | 4 |
_aThe elements of social scientific thinking / _cKenneth Hoover, Todd Donovan. |
| 250 | _a9th ed. | ||
| 260 |
_aBoston : _bThomson/Wadsworth, _cc2008. |
||
| 300 |
_ax, 205 p. : _bill. ; _c22 cm. |
||
| 504 | _aIncludes bibliographical references and index. | ||
| 650 | 0 |
_aSocial sciences _xMethodology. _91585 |
|
| 700 | 1 |
_aDonovan, Todd. _94374 |
|
| 906 |
_a7 _bcbc _corigcop _d3 _eepcn _f20 _gy-gencatlg |
||
| 942 |
_2ddc _cBK |
||